[Event "16th Russian Club Cup, HL"]
[Site "Sochi RUS"]
[Date "2009.04.04"]
[Round "3.26"]
[White "Yevseev, Denis"]
[Black "Maletin, Pavel"]
[Result "1/2-1/2"]
[WhiteElo "2529"]
[BlackElo "2559"]
[Annotator ""]
[Source ""]
[Remark ""]

1.d4 Nf6 2.c4 e6 3.Nf3 b6 4.g3 Bb7 5.Bg2 Be7 6.O-O O-O 7.Nc3
Ne4 8.Bd2 f5 9.Qc2 Bf6 10.Rad1 Nxc3 11.Bxc3 Be4 12.Qb3 a5 13.Ne1
a4 14.Qa3 Be7 15.b4 axb3 16.Qxb3 Qe8 17.Bxe4 fxe4 18.Ng2 Qh5
19.Qc2 d5 20.cxd5 exd5 21.Bd2 c6 22.Bf4 Qg6 23.Be5 Nd7 24.Bf4
b5 25.Rc1 Ra6 26.f3 Bf6 27.fxe4 Qxe4 28.Qxe4 dxe4 29.e3 Rc8 30.Bd6
Rxa2 31.Rf4 Nb6 32.Rxe4 Nc4 33.Bb4 Kf7 34.Rf4 Re8 35.Rf2 Rea8
36.Rfc2 Be7 37.Bxe7 Kxe7 38.e4 Rxc2 39.Rxc2 Rd8 40.Nh4 g6 41.Nf3
Rf8 42.Kf2 Kd6 43.Ke2 Ra8 44.Nd2 Nxd2 45.Kxd2 Ra3 46.Rc3 Rxc3 1/2-1/2

[Event "16th Russian Club Cup, HL"]
[Site "Sochi RUS"]
[Date "2009.04.04"]
[Round "3.27"]
[White "Kryakvin, Dmitry"]
[Black "Klimov, Sergey"]
[Result "1/2-1/2"]
[WhiteElo "2583"]
[BlackElo "2521"]
[Annotator ""]
[Source ""]
[Remark ""]

1.e4 e5 2.Nf3 Nc6 3.Bb5 a6 4.Ba4 Nf6 5.O-O b5 6.Bb3 Bb7 7.d3
Bc5 8.Nc3 d6 9.a3 h6 10.Nd5 O-O 11.Nxf6+ Qxf6 12.Bd5 Rab8 13.Be3
Ne7 14.Bxb7 Rxb7 15.a4 Bxe3 16.fxe3 b4 17.Qe2 Qe6 18.Nd2 Rbb8
19.d4 d5 20.Rae1 Qc6 21.Nb3 dxe4 22.dxe5 Qxa4 23.e6 fxe6 24.Qg4
Qc6 25.Nd4 Rxf1+ 26.Rxf1 Qd7 27.Qxe4 1/2-1/2

[Event "16th Russian Club Cup, HL"]
[Site "Sochi RUS"]
[Date "2009.04.04"]
[Round "3.28"]
[White "Lintchevski, Daniil"]
[Black "Iljin, Artem"]
[Result "1/2-1/2"]
[WhiteElo "2485"]
[BlackElo "2572"]
[Annotator ""]
[Source ""]
[Remark ""]

1.e4 e5 2.Nf3 Nf6 3.Nxe5 d6 4.Nf3 Nxe4 5.d4 d5 6.Bd3 Nc6 7.O-O
Be7 8.Re1 Bg4 9.c4 Nf6 10.Nc3 O-O 11.cxd5 Nxd5 12.Be4 Nf6 13.Bxc6
bxc6 14.h3 Bxf3 15.Qxf3 Qd7 16.Bg5 Rab8 17.b3 h6 18.Bh4 Rfe8
19.Rad1 Rbd8 20.Re5 Nd5 21.Nxd5 Bxh4 22.Rxe8+ Rxe8 23.Nb4 Re6
24.g3 Be7 25.Na6 Rd6 26.Kg2 Rf6 27.Qe4 Re6 1/2-1/2

[Event "16th Russian Club Cup, HL"]
[Site "Sochi RUS"]
[Date "2009.04.04"]
[Round "3.29"]
[White "Ovetchkin, Roman"]
[Black "Matlakov, Maxim"]
[Result "1/2-1/2"]
[WhiteElo "2549"]
[BlackElo "2533"]
[Annotator ""]
[Source ""]
[Remark ""]

1.Nf3 d5 2.c4 c6 3.d4 Nf6 4.Qb3 dxc4 5.Qxc4 Bg4 6.Nbd2 Nbd7 7.g3
e6 8.Bg2 Be7 9.O-O O-O 10.Qb3 Qb6 11.Nc4 Qa6 12.Bg5 h6 13.Bxf6
Bxf6 14.e3 Rad8 15.Rac1 Bxf3 16.Bxf3 e5 17.dxe5 Nxe5 18.Nxe5
Bxe5 19.Rfd1 Qb6 20.Qa4 a5 21.b3 Qb4 22.Kg2 Bf6 23.Rc4 Qxa4 24.bxa4
Rxd1 25.Bxd1 Rd8 26.Bb3 Rd6 27.Rf4 Kf8 28.h4 Rd7 29.Rf5 b6 30.Kf3
Re7 31.Ke2 Re5 32.Rf4 Ke7 33.Rc4 Rc5 34.Rxc5 bxc5 35.h5 Bc3 36.Bc4
f6 37.f4 Bb4 38.e4 Bc3 39.Kf3 Bd4 40.Kg4 Bf2 41.e5 fxe5 42.fxe5
Bd4 43.Kf5 Bc3 44.g4 Bd4 1/2-1/2

[Event "16th Russian Club Cup, HL"]
[Site "Sochi RUS"]
[Date "2009.04.04"]
[Round "3.30"]
[White "Nikolaev, Nikita"]
[Black "Vokarev, Sergey"]
[Result "0-1"]
[WhiteElo "2423"]
[BlackElo "2521"]
[Annotator ""]
[Source ""]
[Remark ""]

1.Nf3 Nf6 2.c4 g6 3.Nc3 Bg7 4.e4 c5 5.d4 cxd4 6.Nxd4 Nc6 7.Be3
d6 8.Be2 O-O 9.O-O Bd7 10.Qd2 Nxd4 11.Bxd4 Bc6 12.f3 a5 13.b3
Nd7 14.Be3 Nc5 15.Rab1 Qb6 16.Rfc1 Rfc8 17.Nb5 Bxb5 18.cxb5 Bh6
19.Bxh6 Nxb3+ 20.Be3 Nxd2 21.Bxb6 Nxb1 22.Rxb1 Rc2 23.Kf1 Rxa2
24.Bc4 Rc2 25.Bb3 Rc3 26.Ke2 a4 27.Bd5 a3 28.Bd4 a2 29.Ra1 Rc2+
30.Kd3 Rxg2 31.Bxb7 Ra3+ 32.Kc4 Rd2 33.Kb4 Rad3 34.Bc3 Rc2 35.Bd5
Rdxc3 36.Rxa2 Rxa2 37.Kxc3 Ra1 38.b6 Ra6 39.b7 Rb6 40.e5 Kf8 0-1